000 00632nam a2200229Ia 4500
003 OSt
005 20220923225425.0
006 a|||||r|||| 00| 0
007 ta
008 220922b |||||||| |||| 00| 0 san d
024 _a267,600
037 _cTextual
040 _aARTS
_cARTS
_bsan
041 _2san
_asan
082 _aR693xD89:1:1, 151K6;L2
100 _aगणि
_9159533
245 0 _aविशेषावश्यकभाष्यम्
246 _aVisheṣhāvashyakabhāṣhyam
260 _c1972
942 _hR693xD89:1:1, 151K6;L2
_cTEXL
_2CC
999 _c378200
_d378200